Methods in plant biochemistry. V 8. Alkaloids and sulphur compounds (Record no. 40692)

MARC details
000 -LEADER
fixed length control field 00318nam a2200109Ia 4500
082 ## - DEWEY DECIMAL CLASSIFICATION NUMBER
Classification number 581.19
Item number MET.8
245 #0 - TITLE STATEMENT
Title Methods in plant biochemistry. V 8. Alkaloids and sulphur compounds
260 ## - PUBLICATION, DISTRIBUTION, ETC. (IMPRINT)
Place of publication New York
Name of publisher Academic Press
Year of publication 1993
700 ## - ADDED ENTRY--PERSONAL NAME
Personal name Waterman, P G
942 ## - ADDED ENTRY ELEMENTS (KOHA)
Koha item type Books
Holdings
Withdrawn status Lost status Damaged status Not for loan Home library Current library Date acquired Cost, normal purchase price Full call number Accession Number Koha item type
        RRII Library RRII Library 16/12/2021 145.00 581.19 MET.8 20990 Books